000 00462nam a2200181Ia 4500
008 151202s9999||||xx |||||||||||||| ||und||
082 _bPNVM-53489
100 _aवगळ अरुण.
245 _aबिल्डर्स.
260 _b---
260 _c0
300 _a0
600 _aवगळ अरुण.
630 _aबिल्डर्स.
700 _aवगळ अरुण.
730 _aबिल्डर्स.
942 _cBOOK
999 _c1320028
_d1320025